Tekst piosenki - "Kryzysowa narzeczona" - Statystyki

Ogólne statystyki
  • Ten quiz został rozwiązany 1 358 razy
    1 334 od ostatniego zresetowania
  • Średni wynik to 36 z 41
Statystyki odpowiedzi
Hint Odpowiedź % Poprawnych
Kryzysową.... narzeczoną
100%
Kryzysową.... narzeczoną
100%
Mogłaś....być moją
99%
Mogłaś....być moją
99%
Mogłaś....być moją
99%
Mogłaś....być moją
99%
Razem ze ....pić mną
98%
....moją być Mogłaś
96%
Nie jeden ... raz
95%
Nie jeden ... raz
95%
Nie jeden ... raz
95%
Wesołych ..... świąt
94%
Wesołych ..... świąt
94%
Wesołych ..... świąt
94%
Wesołych ..... świąt
94%
Wesołych ..... świąt
94%
Wesołych ..... świąt
94%
..... nie dowiesz się Nigdy
93%
Nigdy, ....... nie dowiesz się Nigdy
93%
...... nie dowiesz się Nigdy
93%
Nigdy, ....... nie dowiesz się Nigdy
93%
A nie ..... byłaś
92%
A nie ..... byłaś
92%
A nie ..... byłaś
92%
A nie ..... byłaś
92%
Mogłaś być już na .... dnie
92%
Mogłaś być już na .... dnie
92%
Mogłaś być już na .... dnie
92%
Mogłaś być już na .... dnie
92%
Co ..... straciłaś
91%
Co ....... straciłaś
91%
Aż po .... świt blady
82%
Tak jak ...... tu naznaczono nam
82%
Zamiast .... mi życzyć
73%
Zamiast .... mi życzyć
73%
To, co nam tu .... nawarzono
63%
Na ...... nie wiadomo skąd pocztówce
62%
....... żyć pomalutku
57%
Jakoś ze mną ....... przebiedować
54%
Przy ....odbiorniku zgłuszonym
46%
Słuchać ..... i uderzać w gaz nowin
38%
Nie znaleziono quizów pasujących do podanych kryteriów
Rozkład punktacji
Procent ludzi z każdym wynikiem
Percentyl według liczby udzielonych odpowiedzi
Twoja historia wyników
Nie rozwiązałeś tego quizu od ostatniego zresetowania